| 000 | 00509nam a2200169 i 4500 | ||
|---|---|---|---|
| 001 | 56798 | ||
| 003 | ES-MaACL | ||
| 007 | t| | ||
| 008 | 031013s1954 sp ||||1| spa d | ||
| 245 | 0 | 0 | _aDirección espiritual y psicológica. |
| 260 |
_aBilbao : _bDesclée de Brouwer, _c1954 ( _fGonzález) |
||
| 300 |
_a414 p. ; _c22 cm. |
||
| 490 | 1 |
_aEstudios de psicologia religiosa ; _v1 |
|
| 830 | 0 |
_aEstudios de psicologia religiosa ; _v1 _9182770 |
|
| 852 |
_aES-MaACL _jC-8373 _bR.36385 |
||
| 999 |
_c56798 _d56798 |
||